000 00531cam a22002171 4500
001 sa 66002594
003 DLC
005 20260227112230.0
008 890906s1965 ii c 000 0 hino
010 _asa 66002594
035 _a(OCoLC)20306180
040 _aDLC
_cWaU
_dDLC
042 _apremarc
050 0 0 _aPK2057
_b.V9
100 1 _aVyāsa, Gopālaprasāda,
_d1916-
245 1 0 _aHindī vyaṅgya-vinoda.
260 _c1965.
300 _a15, 266 p.
_bports.
_c23 cm.
500 _aIn Hindi.
650 0 _aHindi poetry.
999 _c68471
_d68471